00843 a2200217 450000500170000000800410001702000180005804000500007604100080012624501410013426000880027530000330036349000220039650400410041865000180045965000210047765000260049865000220052470000430054670000360058920150622103031.0150622s2013 ck o fr|||| 00| 0 spa d a9789587650648 aCO-BoUCMbspacJose A. GerenadJose A. Gerena0 aspa00aSujetos sociales, organizaciones, conflicto, intervención socialccompliado por Claudia Bermudez Peña, Alba Nubia Rodríguez Pizaro c2013bEditorial Universidad del ValleaSantiago de Cali (Valle del Cauca, Colombia) a149 páginasbfotografías aCiencias sociales aIncluye referencias bibliográficas 7aSociología  7aGrupos sociales  7aAcción comunitaria  7aConflicto armado 1 aBermúdez Peña, Claudiaecompilador1 aRodríguez Pizarro, Alba Nubia